01177cam a22003494i 4500003000900000005001700009008004100026020001500067040003300082082002200115100003000137245010400167264005500271300003900326336002100365337002500386338002300411504002800434505021000462526001000672526001000682526001000692526001000702526000800712526000800720526000800728526000800736526000800744526000800752526000800760630005900768PE-LiUPU20250731173532.0150616s r 000 0 d a0801083265 aPE-LiUPUbspacPE-LiUPUerda04a226.06bS819g2231 aStein, Robert H.,eautor.10aGospels and Tradition :bStudies on redaction criticism of the synoptic gospels /cRobert H. Stein. 1aGrand Rapids, Michigan :bBaker Book House,c1991. a204 páginas ;c21 centímetros. atext2rdacontent aunmediated2rdamedia avolume2rdacarrier aIncluye bibliografía.0 aWhat is a redaction criticism?.- Ascertaining a marcan redaction history: the proper methodology.- A seam in Mark.- The transfiguration in Mark.- The cleansing of the temple in Mark.- A short note on Mark. aSEG42 aSEG41 aSEG40 aSEG39 aP94 aP87 aP86 aP85 aP77 aP76 aP3514aBiblia.pEvangeliosxCrítica, interpretación, etc.